[Event "Duesseldorf Nord Cup 8th GrJ"]
[Site "Duesseldorf"]
[Date "2008.08.02"]
[Round "2"]
[White "Henkemeier, Markus"]
[Black "Pfaff, Ditmar"]
[Result "1-0"]
[WhiteElo "1570"]
[BlackElo "1575"]
[PlyCount "81"]
[EventDate "2008.08.01"]
[EventType "tourn"]
[EventRounds "5"]
[EventCountry "GER"]
[SourceTitle "EXT 2020"]
[Source "ChessBase"]
[SourceDate "2019.10.17"]
[SourceVersion "1"]
[SourceVersionDate "2019.10.17"]
[SourceQuality "1"]

1. e4 c5 2. Nc3 d6 3. d3 g6 4. g3 Nc6 5. Bg2 Bg7 6. Be3 Nf6 7. h3 0-0 8. Qd2 Re8 9. f4 e6 10. Nge2 Ne7 11. 0-0 Rb8 12. Rf3 b5 13. Raf1 Bb7 14. R3f2 b4 15. Nd1 Nd7 16. g4 d5 17. f5 exf5 18. gxf5 f6 19. fxg6 Nxg6 20. exd5 Nde5 21. Bh6 Bxd5 22. Bxd5+ Qxd5 23. Bxg7 Kxg7 24. Ne3 Qd7 25. Nf5+ Kh8 26. Neg3 Rg8 27. Kh1 Ne7 28. Qh6 Qd5+ 29. Ne4 Nxf5 30. Rxf5 Rg6 31. Qf4 Rbg8 32. Rxf6 Qd7 33. Rf5 Qd4 34. Qxe5+ Qxe5 35. Rxe5 Rg2 36. Rxc5 Re2 37. Nf2 Rf8 38. Kg2 Rg8+ 39. Kf3 Re7 40. Rf5 Rc8 41. Rc1 1-0

[Event "Duesseldorf Nord Cup 8th GrJ"]
[Site "Duesseldorf"]
[Date "2008.08.01"]
[Round "1"]
[White "Pfaff, Ditmar"]
[Black "Der, Josef"]
[Result "0-1"]
[WhiteElo "1575"]
[BlackElo "1580"]
[PlyCount "92"]
[EventDate "2008.08.01"]
[EventType "tourn"]
[EventRounds "5"]
[EventCountry "GER"]
[SourceTitle "EXT 2020"]
[Source "ChessBase"]
[SourceDate "2019.10.17"]
[SourceVersion "1"]
[SourceVersionDate "2019.10.17"]
[SourceQuality "1"]

1. d4 d5 2. c4 e6 3. Nc3 Bb4 4. e3 Ne7 5. Nf3 Bxc3+ 6. bxc3 c6 7. cxd5 exd5 8. Ba3 0-0 9. Bd3 h6 10. 0-0 Re8 11. Ne5 Nd7 12. Nf3 Qc7 13. Rc1 b5 14. Re1 a5 15. Rc2 Nf6 16. Ne5 Be6 17. Bc1 Qd6 18. f4 Bf5 19. Rce2 Bxd3 20. Qxd3 Ne4 21. Ng4 Qg6 22. Nf2 Nf5 23. Qc2 Nh4 24. Nxe4 Nf3+ 25. Kh1 Nxe1 26. Nf6+ gxf6 27. Qxg6+ fxg6 28. Rxe1 Re4 29. Bd2 b4 30. cxb4 axb4 31. Bxb4 Rxa2 32. g4 Rb2 33. Ba3 Rb3 34. Bc1 Rd3 35. Rf1 Rb3 36. Bd2 Re8 37. h4 Reb8 38. g5 hxg5 39. hxg5 Rb1 40. Kg2 Rxf1 41. Kxf1 fxg5 42. fxg5 Kf7 43. Kf2 Rb2 44. Ke1 Ke6 45. Ba5 Kf5 46. Bd2 Kxg5 0-1

[Event "Duesseldorf Nord Cup 7th GrD"]
[Site "Duesseldorf"]
[Date "2007.08.11"]
[Round "3"]
[White "Pfaff, Ditmar"]
[Black "Karthaeuser, Johannes"]
[Result "1-0"]
[WhiteElo "1552"]
[BlackElo "1539"]
[PlyCount "86"]
[EventDate "2007.08.10"]
[EventType "tourn"]
[EventRounds "5"]
[EventCountry "GER"]
[SourceTitle "EXT 2020"]
[Source "ChessBase"]
[SourceDate "2019.10.17"]
[SourceVersion "1"]
[SourceVersionDate "2019.10.17"]
[SourceQuality "1"]

1. d4 Nf6 2. Nf3 g6 3. c4 Bg7 4. Nc3 d6 5. e3 0-0 6. Be2 c5 7. dxc5 dxc5 8. 0-0 Nc6 9. Bd2 Bf5 10. Na4 b6 11. Bc3 Qc7 12. Nh4 Rad8 13. Qe1 Bc2 14. b3 Ne5 15. Nb2 Ne4 16. f4 Nxc3 17. fxe5 Qxe5 18. Rc1 Nxe2+ 19. Qxe2 Qxb2 20. Rxc2 Qe5 21. Nf3 Qe4 22. Rd2 Bh6 23. Kf2 Rd6 24. Rxd6 exd6 25. Rd1 Re8 26. Rd3 f5 27. Kf1 Qe6 28. Qd1 Rd8 29. Rd5 Bxe3 30. Re5 dxe5 31. Qxd8+ Kf7 32. Qc7+ Qe7 33. Nxe5+ Ke6 34. Qxe7+ Kxe7 35. Nc6+ Ke6 36. Nxa7 Ke5 37. a4 Kd4 38. Nc8 Kc3 39. Nxb6 Kxb3 40. a5 Bf4 41. Nd7 Kxc4 42. a6 Kd3 43. Nxc5+ Kc4 1-0

[Event "Duesseldorf Nord Cup 7th GrD"]
[Site "Duesseldorf"]
[Date "2007.08.10"]
[Round "1"]
[White "Schaefer, Rolf"]
[Black "Pfaff, Ditmar"]
[Result "1-0"]
[WhiteElo "1553"]
[BlackElo "1552"]
[PlyCount "32"]
[EventDate "2007.08.10"]
[EventType "tourn"]
[EventRounds "5"]
[EventCountry "GER"]
[SourceTitle "EXT 2020"]
[Source "ChessBase"]
[SourceDate "2019.10.17"]
[SourceVersion "1"]
[SourceVersionDate "2019.10.17"]
[SourceQuality "1"]

1. e4 c5 2. d4 cxd4 3. c3 dxc3 4. Nxc3 d6 5. Bc4 Nc6 6. Nf3 e6 7. Qe2 g6 8. 0-0 Nge7 9. Rd1 Bg7 10. Nb5 0-0 11. Nxd6 Qc7 12. Bf4 Rd8 13. Bg3 e5 14. Nxe5 Rxd6 15. Rxd6 Kf8 16. Nxc6 Nxc6 1-0